[Event "2nd Silman TNM: 2000+"]
[Site "San Francisco"]
[Date "2025.05.13"]
[Round "2.1"]
[White "Heimann, Mark"]
[Black "Senthilkumar, Pranav"]
[Result "1-0"]
[Annotator "TA"]
[WhiteElo "2597"]
[BlackElo "2198"]
[PlyCount "67"]
[Beauty "8112656362506"]
[GameId "2177531379810556"]
[EventDate "2025.??.??"]

{[%evp
14,67,105,105,109,113,169,162,153,122,155,103,127,119,120,118,115,105,158,99,89,97,99,83,86,46,58,44,129,125,262,262,436,436,441,448,477,468,468,456,450,407,399,364,553,558,618,614,609,611,597,583,660,632,610,577]}
1. Nf3 {[%emt 0:08:30]} Nf6 {[%emt 0:00:05]} 2. c4 {[%emt 0:00:07]} c5 {[%emt
0:00:32]} 3. g3 {[%emt 0:00:22]} Nc6 {[%emt 0:00:12]} 4. d4 {[%emt 0:01:06]}
cxd4 {[%emt 0:01:06]} 5. Nxd4 {[%emt 0:00:06]} e6 {[%emt 0:00:04]} 6. Bg2
{[%emt 0:00:17]} Qc7 {[%emt 0:05:12]} 7. O-O {[%emt 0:03:57]} Nxd4 {[%emt
0:02:13]} 8. Qxd4 {[%emt 0:00:08]} Bc5 {[%emt 0:00:22] A32: Symmetrical
English: 2 Nf3 Nf6 3 d4 cxd4 4 Nxd4 e6.} 9. Qd3 {[%emt 0:01:13]} Ng4 {[%emt
0:07:22]} (9... a6 {9...a5 1.08} 10. Bf4 d6 11. a3 e5 12. Bg5 Ng4 13. Nc3 Be6
14. Nd5 Bxd5 15. Qxd5 Rb8 (15... h6 $142) 16. Qf3 $18 Qd7 17. Rad1 h6 18. Bc1
{b4 would now be deadly.} f5 $2 (18... a5 19. Bd2 a4) 19. b4 $18 Bd4 20. Qd3
O-O 21. h3 Nf6 22. e3 Ba7 23. Qxd6 Qxd6 24. Rxd6 e4 25. Bb2 Rbc8 26. c5 Ne8 27.
Rd7 Rf7 28. Rfd1 Rxd7 29. Rxd7 Rc7 30. Rd8 Kf7 31. Bd4 {1-0 (31) Claridge
Hansen,W (2296)-Blackburn,J (2226) Newcastle on Tyne 2021}) (9... a5 $16) 10.
Nc3 $18 {[%emt 0:04:23] [#]} Ne5 $146 {[%emt 0:05:10] White is clearly better.}
(10... O-O 11. Ne4 (11. Bf4 $18 Ne5 12. Na4) 11... f5 $2 (11... Be7 $16) 12.
Nxc5 $18 Qxc5 13. b4 Qe5 14. Bf4 Qb2 15. Bd6 Rf7 16. f4 g6 17. h3 Nh6 18. Rfd1
a6 19. Bc5 a5 20. Qe3 axb4 21. Bd4 {Prevents Qc3} Qa3 22. Qe5 {[%csl Gd4][%cal
Re5h8] Wards off Qxe3+} Kf8 23. Qh8+ Ke7 24. Bc5+ d6 25. Bxd6+ {1-0 (25)
Tudor,V (1665)-Gurgui,D ICCF email 2011}) 11. Qc2 {[%emt 0:00:42]} a6 {[%emt
0:01:00][%cal Oe8g8] Inhibits Nb5.} 12. b3 {[%emt 0:00:31][%csl Oc8] Black has
a bad bishop} (12. Na4) 12... Be7 {[%emt 0:03:59]} 13. Bb2 {[%emt 0:00:18]} O-O
{[%emt 0:00:18]} 14. Rac1 {[%emt 0:00:39][%cal Oc4c5]} d6 {[%emt 0:01:48]} 15.
Rfd1 {[%emt 0:01:25]} Bd7 {[%emt 0:02:29] [#]} (15... Rb8) 16. Qd2 {[%emt
0:01:35]} (16. Qe4 $142 $1) 16... Rfd8 $16 {[%emt 0:05:24]} 17. Qd4 {[%emt
0:03:44]} Bf8 {[%emt 0:10:40]} 18. Ne4 {[%emt 0:02:49][%cal Oc4c5]} Bc6 {[%emt
0:04:51]} 19. Rd2 {[%emt 0:09:16]} ({White should play} 19. Ba3 $16) 19... Ng6
{[%emt 0:06:21]} 20. Qe3 $36 {[%emt 0:03:44][%mdl 2048] White has good play.}
b6 {[%emt 0:11:58]} ({Better is} 20... Ne7 $14) 21. h4 {[%emt 0:05:16][%cal
Bh2h4,Bh4h5][%mdl 32] White is much more active.} {This move loses the game for
Black.} Qb7 {[%emt 0:02:10]} (21... Ne7 $16) 22. Rcd1 {[%emt 0:01:48]} d5 $2
{[%emt 0:09:27]} (22... b5 {was called for.} 23. c5 (23. Nxd6 Rxd6 24. Rxd6
Bxd6 $15) (23. h5 Ne7 $18) 23... d5) 23. h5 $18 {[%emt 0:07:47]} Ne7 {[%emt
0:03:06]} 24. Qf4 {[%emt 0:01:48]} (24. Qg5 h6 25. Qf4 (25. Nf6+ Kh8 $16) 25...
d4 26. Bxd4 (26. Nd6 Rxd6 27. Qxd6 Bxg2 $17) 26... Nf5 $18) 24... h6 {[%emt
0:03:43] [#]} 25. Nf6+ $1 {[%emt 0:00:52][%cal Be4f6,Bf6g4,Bg4e5,Be5f7][%mdl
544]} Kh8 {[%emt 0:00:05]} (25... gxf6 $2 {loses.} 26. Qxf6) 26. cxd5 {[%emt
0:00:08]} exd5 {[%emt 0:01:11][%cal Be6d5,Bd5d4][%mdl 32] [#]} 27. e4 $1 {[%emt
0:01:23]} d4 {[%emt 0:01:17]} 28. Ng4 {[%emt 0:02:17]} ({Weaker is} 28. Rxd4
Rxd4 29. Rxd4 Ng8 $18) 28... f5 {[%emt 0:01:40]} (28... f6 $142 29. Bxd4 (29.
Rxd4 Rxd4 30. Bxd4 Kg8 $16) 29... Ng8) 29. Ne5 {[%emt 0:00:19] White is clearly
winning.} (29. Rxd4 Rxd4 30. Bxd4 fxg4 $14) (29. exf5 Bxg2 30. Bxd4 Rxd4 31.
Rxd4 Nd5 $17) 29... fxe4 {[%emt 0:02:40]} 30. Nf7+ {[%emt 0:00:36]} Kg8 {[%emt
0:00:22]} 31. Nxd8 {[%emt 0:00:05]} Rxd8 {[%emt 0:00:07]} 32. Rxd4 {[%emt
0:00:06]} Re8 {[%emt 0:01:07]} 33. Bxe4 {[%emt 0:01:21]} Bxe4 {[%emt 0:00:13]}
{Weighted Error Value: White=0.13 (very precise) /Black=0.40} 34. Qxe4 {[%emt
0:00:06]} 1-0

[Event "2nd Silman TNM: 2000+"]
[Site "San Francisco"]
[Date "2025.05.13"]
[Round "2.2"]
[White "Heiserman, Jimmy"]
[Black "Bayaraa, Chinguun"]
[Result "1-0"]
[Annotator "TA"]
[WhiteElo "2306"]
[BlackElo "2176"]
[PlyCount "117"]
[Beauty "6463254697481"]
[GameId "2177611393650841"]
[EventDate "2025.??.??"]

{[%evp
23,117,-36,-31,-35,2,-48,-48,-56,-30,-66,-55,-74,-66,-81,-83,-164,-157,-148,-116,-129,-57,-50,-48,-47,-44,-46,-51,-49,-21,-75,-30,-32,-13,-18,-19,-36,-14,-76,0,-16,-33,-28,10,-47,0,-62,-22,-12,-19,-8,0,0,0,0,0,-4,0,0,0,0,0,0,0,0,0,7,0,57,499,455,451,424,974,660,7357,6760,6741,6727,6836,6916,6398,6532,5731,1398,7335,7141,7306,3796,2959,1752,1678,1174,1036,899,875,729]}
1. d4 {[%emt 1:12:34]} Nf6 {[%emt 0:02:32]} 2. c4 {[%emt 0:00:05]} e6 {[%emt
0:00:08]} 3. Nc3 {[%emt 0:00:07]} Bb4 {[%emt 0:00:22]} 4. f3 {[%emt 0:00:09]}
d5 {[%emt 0:01:42]} 5. a3 {[%emt 0:00:07]} Bxc3+ {[%emt 0:01:37]} 6. bxc3
{[%emt 0:00:06]} O-O {[%emt 0:00:06]} 7. cxd5 {[%emt 0:00:22]} exd5 {[%emt
0:00:16]} 8. e3 {[%emt 0:00:07]} Bf5 {[%emt 0:02:07]} 9. Ne2 {[%emt 0:01:56]}
Re8 {[%emt 0:02:44]} 10. Ng3 {[%emt 0:07:22]} Bg6 {[%emt 0:00:26]} 11. Bd3
{[%emt 0:00:07]} c5 {[%emt 0:00:50]} 12. O-O {[%emt 0:01:26]} Nc6 {[%emt
0:00:47]} 13. Ra2 {[%emt 0:03:10] E27: Nimzo-Indian: Sämisch: 5...0-0 6 f3.}
Qa5 {[%emt 0:02:18]} (13... a6 $15) 14. Bxg6 {[%emt 0:03:10]} (14. Nf5 $11)
14... hxg6 $15 {[%emt 0:00:07]} 15. Qd3 {[%emt 0:00:29] [#] Black is slightly
better.} Rad8 $146 {[%emt 0:04:41]} (15... c4 16. Qc2 b5 17. e4 Qb6 18. Bg5 a5
19. Bxf6 gxf6 20. Rb2 Rad8 21. Ne2 b4 22. axb4 axb4 {½-½ (40) Biolek,R
(2404)-Zwardon,V (2383) Czech Republic 2013}) 16. Re2 {[%emt 0:01:18]} (16. Bd2
$11) 16... b6 {[%emt 0:02:02]} 17. Bb2 {[%emt 0:00:53]} Qa4 {[%emt 0:01:35]}
18. Rd1 {[%emt 0:11:27]} Na5 {[%emt 0:17:06]} 19. e4 {[%emt 0:07:12]} (19. Rde1
$17 {was worth a try.}) 19... dxe4 $19 {[%emt 0:00:40]} 20. fxe4 {[%emt
0:00:11]} Nc4 {[%emt 0:02:27] [#]} 21. Bc1 {[%emt 0:01:35]} cxd4 {[%emt
0:10:46]} (21... Nxa3 $2 22. Ra2 $18) (21... Ne5 $17 22. Qc2 Qxc2 23. Rxc2 Nc6)
22. cxd4 $15 {[%emt 0:00:08]} Ne5 {[%emt 0:04:02] A dynamic duo of knights.}
23. Qd2 {[%emt 0:00:27]} Nc4 {[%emt 0:00:22][%csl LRa3,LRd2]} 24. Qc2 {[%emt
0:06:42]} Qxc2 {[%emt 0:00:17]} 25. Rxc2 {[%emt 0:00:04]} b5 {[%emt 0:00:13]}
26. Re2 {[%emt 0:02:50]} (26. a4 $1 $11) 26... a5 {[%emt 0:00:58]} (26... Nd7
$17) 27. Rd3 $11 {[%emt 0:08:10]} b4 {[%emt 0:01:20]} 28. axb4 {[%emt 0:00:22]}
axb4 {[%emt 0:00:06]} 29. d5 {[%emt 0:03:15]} Ra8 {[%emt 0:06:51]} 30. Rd4
{[%emt 0:07:42] [#]} (30. Rb3 $11 {remains equal.}) 30... Ne5 {[%emt 0:02:06]}
({Black should play} 30... Rec8 $1 $17 {aiming for ...Ra1.} 31. e5 Ra1 (31...
Nxe5 32. Bb2 $17) 32. exf6 (32. Rc2 $2 b3 $19) 32... Rxc1+ 33. Kf2 gxf6) 31.
Bf4 {[%emt 0:23:25]} Ra1+ {[%emt 0:03:57]} 32. Nf1 {[%emt 0:00:04]} Rb1 {[%emt
0:00:55]} (32... Ned7 $142 33. Bd6 (33. Rxb4 $2 Nxd5 34. exd5 Rxe2 $19) 33...
b3) 33. d6 {[%emt 0:04:22]} ({White should play} 33. Bxe5 $11 Rxe5 34. Kf2)
33... Nfd7 {[%emt 0:00:36]} (33... Ned7 $1 $15 {should be considered.} 34. e5
Nc5) 34. h3 {[%emt 0:03:06]} (34. Bxe5 $11 Nxe5 (34... Rxe5 35. Kf2 $11) 35.
Kf2) 34... b3 {[%emt 0:03:20] Black plays on the queen side and is better}
(34... f6 $1 $15 35. Kf2 Rb8) 35. Bxe5 $1 {[%emt 0:00:19]} Nxe5 {[%emt
0:01:25]} 36. Rb4 {[%emt 0:01:41] Prevents Rb8} Re6 {[%emt 0:03:09]} 37. Rd2
{[%emt 0:00:41]} Rf6 {[%emt 0:01:09]} 38. d7 {[%emt 0:01:20]} Nxd7 {[%emt
0:00:08]} 39. Rxd7 {[%emt 0:00:04]} Rfxf1+ {[%emt 0:00:06][%mdl 4096] Endgame
KRR-KRR. Black is a pawn up.} 40. Kh2 {[%emt 0:00:04]} Rf2 {[%emt 0:03:59]} 41.
e5 {[%emt 0:00:22] White wants to mate with Rd8+.} g5 {[%emt 0:03:47]} 42. e6
{[%emt 0:00:05]} Rbb2 {[%emt 0:02:57]} 43. exf7+ {[%emt 0:01:07]} Rxf7 {[%emt
0:00:48]} 44. Rb8+ {[%emt 0:00:12]} Rf8 {[%emt 0:00:14] [#]} 45. Rbb7 {[%emt
0:00:15]} (45. Rb5 $11) 45... Rf5 $2 {[%emt 0:01:56][%mdl 8192]} (45... Kh7
$14) 46. Rxg7+ $18 {[%emt 0:00:05] White is clearly winning.} Kf8 {[%emt
0:01:30]} 47. Rgc7 {[%emt 0:00:05][%cal Rc7c8]} (47. Rh7 Kg8 $16) 47... Re2
{[%emt 0:01:25]} (47... Re5 $142 48. Rf7+ Kg8) 48. Rxb3 {[%emt 0:00:23]
Strongly threatening Rb8+.} Re7 {[%emt 0:01:57]} 49. Rxe7 {[%emt 0:01:04]} Kxe7
{[%emt 0:00:16] [#] KR-KR. White is a pawn up.} 50. Kg3 $1 {[%emt 0:00:38]} Ra5
{[%emt 0:05:46]} 51. Rf3 {[%emt 0:00:10]} Ke6 {[%emt 0:02:55]} 52. Kg4 {[%emt
0:00:10]} Ra2 {[%emt 0:01:56]} 53. g3 {[%emt 0:00:11]} (53. Kxg5 Rxg2+ 54. Kh4
Kd5 $11) 53... Rh2 {[%emt 0:00:03]} 54. Rf8 {[%emt 0:00:11]} (54. Kxg5 Rxh3 55.
Rf6+ Ke5 $18) 54... Rg2 {[%emt 0:00:33]} 55. Rf1 {[%emt 0:01:32]} (55. Kxg5
Rxg3+ 56. Kh4 Rg7 $11) 55... Rh2 {[%emt 0:03:23]} 56. Ra1 (56. Kxg5 Rxh3 57.
Rf6+ Ke5 $18) 56... Kf6 {[%emt 0:00:33]} 57. Ra6+ {[%emt 0:00:09] [#]} ({Less
strong is} 57. Ra5 Re2 58. Rf5+ (58. Rxg5 Re8 $16) 58... Kg7 59. Rxg5+ (59.
Kxg5 Re3 $16) 59... Kh6 $16) 57... Kf7 {[%emt 0:00:05]} 58. Ra5 {[%emt
0:00:05]} ({Stronger than} 58. Kxg5 Rxh3 59. g4 Rd3 $11) 58... Kf6 {[%emt
0:00:40]} {Never resign too early!   Weighted Error Value: White=0.28 (precise)
/Black=0.66} 59. Rf5+ {[%emt 0:00:04]} 1-0

[Event "2nd Silman TNM: 2000+"]
[Site "San Francisco"]
[Date "2025.05.13"]
[Round "2.3"]
[White "Tsodikova, Natalya"]
[Black "Smith, Olivia"]
[Result "1/2-1/2"]
[Annotator "TA"]
[WhiteElo "2246"]
[BlackElo "2137"]
[PlyCount "150"]
[Beauty "4467034437130"]
[GameId "2177611393654938"]
[EventDate "2025.??.??"]

{[%evp
9,150,20,65,63,66,64,65,63,79,76,83,7,10,7,0,0,0,-12,11,-3,12,9,10,8,12,0,0,0,-4,0,17,0,0,0,0,0,0,-429,-437,-436,-431,-412,-422,-471,-463,-481,-465,-476,-461,-545,-530,-489,-463,-454,-436,-494,-469,-518,-514,-535,-527,-599,0,0,0,0,0,0,0,0,0,0,0,0,0,0,0,0,0,0,0,0,0,0,0,0,0,0,0,0,0,0,0,0,0,0,0,0,0,0,0,0,0,0,0,0,0,0,0,0,0,0,0,0,0,0,0,0,0,0,0,0,0,0,0,0,0,0,0,0,0,0,0,0,0,0,0,0,0,0,0,0,0]}
1. e4 {[%emt 0:00:04]} d5 {[%emt 0:00:06]} 2. exd5 {[%emt 0:00:10]} Nf6 {[%emt
0:00:05]} 3. d4 {[%emt 0:00:27]} Bg4 {[%emt 0:01:14]} 4. Nf3 {[%emt 0:03:11]}
(4. Bb5+ $5) 4... Qxd5 {[%emt 0:01:30]} 5. Nc3 {[%emt 0:02:16]} Qd7 {[%emt
0:17:59]} (5... Qh5 $11) 6. h3 $14 {[%emt 0:01:31] B01: Scandinavian Defence.}
Bxf3 {[%emt 0:05:31]} 7. Qxf3 {[%emt 0:00:39]} Nc6 $1 {[%emt 0:08:23]} 8. Bb5
{[%emt 0:03:52] White is slightly better.} e6 {[%emt 0:07:49]} 9. O-O $146
{[%emt 0:04:23] White is more active.} (9. Bg5 Be7 10. O-O-O Nd5 11. Bxe7 Ndxe7
12. d5 exd5 13. Nxd5 O-O-O 14. Bxc6 Nxc6 15. Nb6+ axb6 16. Rxd7 Rxd7 {½-½ (21)
Castany Vilaseca,L (2140)-Lopez Martinez,J (2255) Spain 1997}) 9... a6 {[%emt
0:03:54] [#]} 10. Bxc6 {[%emt 0:09:16]} (10. Ba4 $1 $16) 10... Qxc6 $11 {[%emt
0:00:04]} 11. Qxc6+ {[%emt 0:00:25]} bxc6 {[%emt 0:00:03]} 12. Ne2 {[%emt
0:08:09]} Be7 {[%emt 0:01:40]} 13. c4 {[%emt 0:05:33]} O-O {[%emt 0:00:31]} 14.
Be3 {[%emt 0:01:36]} Rab8 {[%emt 0:04:04]} 15. b3 {[%emt 0:00:36]} Rfd8 {[%emt
0:03:38]} 16. Rfd1 {[%emt 0:05:23]} h6 {[%emt 0:00:36]} 17. Nc3 {[%emt
0:03:37]} Rd7 {[%emt 0:04:19]} 18. Kf1 {[%emt 0:02:19]} Rbd8 {[%emt 0:03:04]}
19. Ke2 {[%emt 0:01:18]} Bb4 {[%emt 0:01:14]} 20. Na4 {[%emt 0:03:03]} Ne4
{[%emt 0:01:57]} 21. Rd3 {[%emt 0:04:14] Wards off Nc3+} Be7 {[%emt 0:14:30]}
22. Rad1 {[%emt 0:01:21]} g5 {[%emt 0:02:21] Wards off Bf4} 23. Nc5 $2 {[%emt
0:05:21][%mdl 8192]} (23. c5 $11 {and White has nothing to worry.}) 23... Bxc5
$19 {[%emt 0:00:12]} 24. dxc5 {[%emt 0:01:18] [#]} Nc3+ $1 {[%emt 0:00:10][%mdl
576] Deflection} 25. Rxc3 {[%emt 0:00:25]} Rxd1 {[%emt 0:00:07][%mdl 4096]
Endgame KRR-KRB} 26. b4 {[%emt 0:00:24]} Rb1 {[%emt 0:02:35]} 27. Ra3 {[%emt
0:00:29]} Rb2+ {[%emt 0:02:00] [#]} (27... Rxb4 28. h4 $19) 28. Kf3 {[%emt
0:00:54]} f5 {[%emt 0:01:18]} (28... Rxb4 29. h4 $19) 29. g3 {[%emt 0:01:29]}
e5 {[%emt 0:01:22] And now ...e4+ would win.} 30. Rxa6 {[%emt 0:04:21]} f4
{[%emt 0:00:17]} 31. gxf4 {[%emt 0:01:37]} exf4 {[%emt 0:00:54]} 32. Bc1 {[%emt
0:00:58]} Rc2 {[%emt 0:00:53]} (32... Rxb4 33. Rxc6 Rb1 (33... Rxc4 $2 34. Bb2
$19) 34. Ba3) 33. Rxc6 {[%emt 0:08:19]} Rxc1 {[%emt 0:01:53]} 34. Rxc7 {[%emt
0:00:03]} Rxc4 {[%emt 0:00:52]} 35. b5 {[%emt 0:00:21] [#]} Rd5 $2 {[%emt
0:09:11]} (35... h5 $19 36. b6 Rd3+ {[%mdl 64] Skewer} 37. Ke2 Rcc3 (37... Rxh3
38. b7 $17)) 36. b6 $11 {[%emt 0:00:22] The position is equal.} Rdxc5 {[%emt
0:00:59]} 37. b7 {[%emt 0:00:14][%cal Rb7b8]} Rc3+ {[%emt 0:00:35]} 38. Kg4
{[%emt 0:03:21][%cal Rb7b8]} Rb5 {[%emt 0:00:45]} 39. Rxc3 {[%emt 0:00:51]}
Rxb7 {[%emt 0:00:04] KR-KR} 40. a4 {[%emt 0:03:09] [#] Threatens to win with
a5.} Ra7 {[%emt 0:00:34]} 41. Rc4 {[%emt 0:00:40]} Kg7 {[%emt 0:00:43]} 42. h4
{[%emt 0:01:21]} gxh4 {[%emt 0:00:40]} 43. Rxf4 {[%emt 0:00:29]} Ra5 {[%emt
0:00:40]} 44. Kxh4 {[%emt 0:00:26]} Kg6 {[%emt 0:00:10]} 45. f3 {[%emt
0:01:59]} Rh5+ {[%emt 0:00:21]} 46. Kg3 {[%emt 0:00:12]} Ra5 {[%emt 0:00:09]}
47. Kf2 {[%emt 0:01:40]} Re5 48. Re4 {[%emt 0:00:19]} Ra5 {[%emt 0:00:13]} 49.
Ke3 {[%emt 0:00:46]} Kf6 {[%emt 0:00:23]} 50. Kf2 {[%emt 0:03:49]} Kg6 {[%emt
0:00:24]} 51. Rb4 {[%emt 0:00:30]} Ra6 {[%emt 0:00:30]} 52. f4 {[%emt 0:00:35]}
Ra5 {[%emt 0:00:31]} 53. Kf3 {[%emt 0:00:32]} Ra6 {[%emt 0:00:54]} 54. Kg4
{[%emt 0:01:45]} Kf6 {[%emt 0:00:49]} 55. f5 {[%emt 0:00:55]} Ra5 {[%emt
0:00:15]} 56. Rf4 {[%emt 0:02:07]} Ra6 {[%emt 0:00:41]} 57. Rb4 {[%emt
0:01:23]} Ra5 {[%emt 0:00:32]} 58. Rf4 {[%emt 0:01:08]} Ra6 {[%emt 0:00:15]}
59. Kf3 {[%emt 0:01:03]} Ra5 {[%emt 0:00:26]} 60. Kg4 {[%emt 0:00:35]} Ra6
{[%emt 0:00:28]} 61. Re4 {[%emt 0:00:16]} Ra5 {[%emt 0:00:31]} 62. Re6+ {[%emt
0:01:31]} Kf7 {[%emt 0:00:54]} 63. Rxh6 {[%emt 0:00:19]} Rxa4+ {[%emt 0:00:06]}
64. Kg5 {[%emt 0:00:10]} Ra1 {[%emt 0:00:47]} 65. Rh7+ {[%emt 0:00:12]} Kg8
{[%emt 0:00:10]} 66. Rd7 {[%emt 0:00:30]} Ra6 {[%emt 0:00:17]} 67. Re7 {[%emt
0:01:18]} Kf8 {[%emt 0:01:05]} 68. Rb7 {[%emt 0:00:45]} Rc6 {[%emt 0:00:11]}
69. Rh7 {[%emt 0:00:35]} Ra6 {[%emt 0:00:44]} 70. Rh6 {[%emt 0:00:27]} Ra1
{[%emt 0:00:43]} 71. Rh4 {[%emt 0:00:48]} Ra6 {[%emt 0:00:15]} 72. Re4 {[%emt
0:00:29]} Kf7 {[%emt 0:00:14]} 73. Rb4 {[%emt 0:00:10]} Rc6 {[%emt 0:00:19]}
74. Rb7+ {[%emt 0:00:21]} Kf8 {[%emt 0:00:10]} 75. f6 {[%emt 0:00:43] White
wants to mate with Kg6.} {Whites escaped into a draw.   Weighted Error Value:
White=0.30/Black=0.17 (very precise)} Rc1 {[%emt 0:00:05]} 1/2-1/2

[Event "2nd Silman TNM: 2000+"]
[Site "San Francisco"]
[Date "2025.05.13"]
[Round "2.4"]
[White "Winslow, Elliott"]
[Black "Das, Rohan"]
[Result "0-1"]
[Annotator "TA"]
[WhiteElo "2200"]
[BlackElo "2099"]
[PlyCount "54"]
[Beauty "8247947824176"]
[GameId "2177611393659035"]
[EventDate "2025.??.??"]

{[%evp
13,54,17,22,8,14,0,29,30,25,-27,-25,-30,69,70,119,-52,201,196,191,93,330,332,314,245,327,0,0,0,0,-3,-14,-312,-304,-449,-450,-436,-423,-435,-424,-450,-432,-787,-579]}
1. d4 {[%emt 0:01:19]} Nf6 {[%emt 0:00:05]} 2. c4 {[%emt 0:00:28]} e6 {[%emt
0:00:05]} 3. Nf3 {[%emt 0:00:18]} d5 {[%emt 0:00:05]} 4. Nc3 {[%emt 0:00:12]}
Be7 {[%emt 0:00:13]} 5. Bg5 {[%emt 0:00:39]} h6 {[%emt 0:00:05]} 6. Bh4 {[%emt
0:01:02]} O-O {[%emt 0:00:26]} 7. e3 {[%emt 0:02:11]} b6 {[%emt 0:00:05]} 8.
Bxf6 {[%emt 0:03:33] D58: Queen's Gambit Declined: Tartakower Defence.} Bxf6
{[%emt 0:00:05]} 9. Qd2 {[%emt 0:01:47]} Bb7 {[%emt 0:03:26]} 10. cxd5 {[%emt
0:00:27] White has an edge.} exd5 {[%emt 0:00:05]} 11. O-O-O {[%emt 0:01:22]}
(11. h4 $142) 11... Nd7 $1 $11 {[%emt 0:07:21]} 12. h4 {[%emt 0:04:58]} c5
{[%emt 0:08:28]} (12... g6 $1 $11) 13. g4 $14 {[%emt 0:06:14][%cal
Bg2g4,Bg4g5][%mdl 32]} g6 {[%emt 0:00:57]} (13... Be7 $14) 14. Bd3 $2 {[%emt
0:03:50]} (14. g5 $1 $16 {[%cal Rg5f6]}) 14... Re8 $2 {[%emt 0:03:43][%mdl
8192] [#]} (14... Bg7 $15 {keeps the upper hand.}) 15. g5 $1 $18 {[%emt
0:24:14][%mdl 512]} hxg5 {[%emt 0:03:41]} 16. hxg5 {[%emt 0:06:51]} (16. Nxg5
$18 {aiming for Rdg1.} Bxg5 17. hxg5) 16... Bxg5 $146 {[%emt 0:00:50]} (16...
Bg7 $16) (16... Bg7 17. Ne2 c4 18. Bc2 b5 19. Nh2 Qe7 20. Ng4 b4 21. Nh6+ Kf8
22. Nf4 c3 {1-0 (43) Steflitsch,E (2382)-Kuba,G (2387) Austria 2012}) 17. Nxg5
{[%emt 0:02:30]} Qxg5 {[%emt 0:00:08] [#]} 18. Bb5 {[%emt 0:00:31]} (18. Rdg1
Qf6 $11) 18... Red8 {[%emt 0:04:24]} 19. dxc5 {[%emt 0:05:44]} (19. Rdg1 Qf6
$16) ({Better is} 19. f4 $18 Qf5 20. Rdg1 (20. Qh2 Kf8 $16)) 19... Nxc5 $11
{[%emt 0:02:10]} ({Don't blunder} 19... d4 $2 20. c6 Bxc6 (20... dxc3 $2 {too
greedy.} 21. Qxc3 Nf6 22. cxb7 $18) 21. Bxc6 $18) 20. Qd4 {[%emt 0:09:41][%csl
Gh1][%cal Rd4h8]} Kf8 $1 {[%emt 0:00:06][%cal Bg8f8,Bf8e7,Be7f6][%mdl 32]} 21.
Rdg1 {[%emt 0:02:12]} Qf5 {[%emt 0:00:29][%cal Oc5e6] White must now prevent
...Ne6!.} 22. f4 $2 {[%emt 0:00:22][%mdl 8192] [#]} (22. Rh4 $11 {and White has
nothing to worry.} Ne6 23. Qb4+ Nc5 24. Qd4) 22... Ne6 $1 $19 {[%emt 0:05:26]}
23. Rh8+ {[%emt 0:00:47]} (23. Qh8+ $142 Ke7 24. Qh4+ Qf6 25. Bd3 (25. Qxf6+ $2
Kxf6 26. f5 gxf5 $19) 25... Qxh4 26. Rxh4) 23... Ke7 {[%emt 0:00:14] Black is
clearly winning.} 24. Qb4+ {[%emt 0:00:07] [#]} Kf6 $1 {[%emt 0:02:18]} 25.
Rxd8 {[%emt 0:04:24]} Rxd8 {[%emt 0:00:06]} 26. Ne2 {[%emt 0:00:55]} d4 {[%emt
0:05:16]} 27. Qd2 {[%emt 0:03:42]} (27. exd4 $142 Kg7 (27... Nxf4 $2 28. Nc3
$19) 28. Rf1) {Weighted Error Value: White=1.06/Black=0.55} 27... Qxb5 {[%emt
0:00:25]} 0-1